LIBRARY ONLINE CATALOGUE

Shared terrestrial ecosystems of East Africa : (Record no. 2777)

MARC details
000 -LEADER
fixed length control field 00853cam a22002532 4500
001 - CONTROL NUMBER
control field 0000004547
005 - DATE AND TIME OF LATEST TRANSACTION
control field 20151217145816.0
008 - FIXED-LENGTH DATA ELEMENTS--GENERAL INFORMATION
fixed length control field 070524s xx 000 0 eng d
020 ## - INTERNATIONAL STANDARD BOOK NUMBER
International Standard Book Number 9966411194 :
040 ## - CATALOGING SOURCE
Original cataloging agency KABU
Transcribing agency KABU
050 #0 - LIBRARY OF CONGRESS CALL NUMBER
Classification number QH77
Item number .A353S53
245 10 - TITLE STATEMENT
Title Shared terrestrial ecosystems of East Africa :
Remainder of title towards conviviality /
Statement of responsibility, etc. editors, Judi W. Wakhungu and George M. Sikoyo.
260 ## - PUBLICATION, DISTRIBUTION, ETC. (IMPRINT)
Place of publication, distribution, etc. Nairobi :
Name of publisher, distributor, etc. ACTS,
Date of publication, distribution, etc. 2003.
300 ## - PHYSICAL DESCRIPTION
Extent xvi, 46 p.
362 0# - DATES OF PUBLICATION AND/OR SEQUENTIAL DESIGNATION
Dates of publication and/or sequential designation No. 1.
650 #0 - SUBJECT ADDED ENTRY--TOPICAL TERM
Topical term or geographic name as entry element Eco-systems management
Geographic subdivision Africa, East.
-- 0000155155
700 1# - ADDED ENTRY--PERSONAL NAME
Personal name Wakhungu, Judi W.
-- 0000155156
700 1# - ADDED ENTRY--PERSONAL NAME
Personal name Sikoyo, George M.
-- 0000155157
908 ## - PUT COMMAND PARAMETER (RLIN)
Put command parameter 070524
950 ## - LOCAL HOLDINGS (RLIN)
-- 1
Holdings
Withdrawn status Lost status Source of classification or shelving scheme Not for loan Home library Current library Date acquired Total Checkouts Full call number Barcode Date last seen Price effective from Koha item type
    Library of Congress Classification   Kabarak, Main Campus Kabarak, Main Campus 17/12/2015   QH77 .A353S53 007453 17/12/2015 17/12/2015 General Collection
    Library of Congress Classification   Kabarak, Main Campus Kabarak, Main Campus 17/12/2015   QH77 .A353S53 007454 17/12/2015 17/12/2015 General Collection
    Library of Congress Classification   Kabarak, Main Campus Kabarak, Main Campus 17/12/2015   QH77 .A353S53 007455 17/12/2015 17/12/2015 General Collection
    Library of Congress Classification   Kabarak, Main Campus Kabarak, Main Campus 17/12/2015   QH77 .A35S53 003943 17/12/2015 17/12/2015 Africana Collection
    Library of Congress Classification   Kabarak, Main Campus Kabarak, Main Campus 17/12/2015   QH77 .A353S53 003942 17/12/2015 17/12/2015 Africana Collection